000 00631nam a2200217Ii 4500
003 JO-AjNU
008 230606s9999||||xx |||||||||||||| ||und||
017 _a2004/5/1140
020 _a9957-414-53-4
040 _aJO-AjNU
_beng
_erda
_cJO-AjNU
041 _aeng
050 1 4 _aPE1116 2004
100 3 _aAl-Hawambeh,Nabil تاليف,
_eauthor
_92718
245 0 0 _aEnglish Language In Hotels
264 3 1 _aAmman:Dar Al-baraka,2004
300 _a111p
336 _atext
_btxt
_2rdacontent
337 _aunmediated
_bn
_2rdamedia
338 _avolume
_bnc
_2rdacarrier
650 4 _aEnglish Language In Hotels-Language-Hotels
_92719
999 _aE1423
_c1423
_d1423